Việt Nam phong tục
Kaydedildi:
| Yazar: | |
|---|---|
| Materyal Türü: | Kitap |
| Dil: | Undetermined |
| Baskı/Yayın Bilgisi: |
H.
VHTT
2003
|
| Konular: | |
| Etiketler: |
Etiketle
Etiket eklenmemiş, İlk siz ekleyin!
|
| Thư viện lưu trữ: | Trung tâm Học liệu Trường Đại học Cần Thơ |
|---|
| LEADER | 00480nam a2200181Ia 4500 | ||
|---|---|---|---|
| 001 | CTU_50040 | ||
| 008 | 210402s9999 xx 000 0 und d | ||
| 082 | |a 390.09597 | ||
| 082 | |b B312 | ||
| 100 | |a PHAN KẾ BÍNH | ||
| 245 | 0 | |a Việt Nam phong tục | |
| 245 | 0 | |c PHAN KẾ BÍNH | |
| 260 | |a H. | ||
| 260 | |b VHTT | ||
| 260 | |c 2003 | ||
| 650 | |a folklore,manners and customs | ||
| 650 | |z vietnam,vietnam | ||
| 980 | |a Trung tâm Học liệu Trường Đại học Cần Thơ | ||